000 01001nam0a22002411 4500
001 rc\289417
005 20030307121047.1
035 _a(NLR Aleph) 005520907
090 _a5507065
_c5507065
100 _a20030307d1990 u |0rusy50 ca
101 0 _arus
102 _aRU
105 _aa |||||||||
200 1 _aОпределение гидравлических параметров топливных комплексов аппаратов, оборудованных гидроприводными баковыми насосами
_eУчеб.-метод. пособие
_fМ-во авиац. пром-сти СССР. Центр. ин-т повышения квалификации кадров. Каф. энерг. комплексов
210 _aМ.
_cБ. и.
_d1990
215 _a15 с.
_cил.
_d20
320 _aБиблиогр.: с. 14
700 1 _aДумов
_bВ. И.
801 0 _aRU
_bNLR
_gpsbo
801 1 _aRU
_bELAR
_2rusmarc
852 _aNLR
_j91-4/10528
942 _cBOOK
980 _aNB